000 00254nam a2200109Ia 4500
008 230907s9999||||xx |||||||||||||| ||und||
082 _a150
_bPAS
245 0 _aPsychology :
260 _aMcGraw-Hill,
_bAustralia :
_c2017
300 _a834 p.
942 _cBK
999 _c601106
_d601106